00734nam a2200205 a 4500001001000000003000500010005001700015008004100032010001100073011001100084040000900095100002600104245014500130260004400275300003300319502006300352650003700415650003900452650003700491000109829CHAP20220329144105.0140530s2013 mx ab |rm |0|||||spa d a106291 a107263 cCHAP00aPérez Nieto, Samuel10aErosión hídrica en cuencas costeras de Chiapas y estrategias para su restauración hidrológico ambiental /cpor Samuel Pérez Nieto. aMontecillo, Texcoco :bEl autor,c2013. axxvi, [262 p.] :bil., maps. aTesis (Ph.D. en Hidrociencias) -- Colegio de Postgraduados14aCuencas hidrológicaszChiapas.14aErosiónxPrevención y control.14aSuelosxConservaciónxChiapas.